Madame Récamier /
| Hlavní autor: | Turquan, Joseph |
|---|---|
| Jazyk: | Francouzština |
| Vydáno: |
Paris : Jules Tallandier, [1928] |
| Fyzický popis: |
294 s. : il. |
| LEADER | 00559nam a22001932a 4500 | ||
|---|---|---|---|
| 001 | 001875035 | ||
| 003 | CZ BrMZK | ||
| 005 | 20231103094855.0 | ||
| 007 | ta | ||
| 008 | 231027s1928 fr a er|||||||||||fre d | ||
| 040 | |a BOA001 |b cze |e aacr2 | ||
| 100 | 1 | |a Turquan, Joseph |4 aut | |
| 245 | 1 | 0 | |a Madame Récamier / |c par Joseph Turquan |
| 260 | |a Paris : |b Jules Tallandier, |c [1928] | ||
| 300 | |a 294 s. : |b il. | ||
| 910 | |a BOA001 |b 1-0202.015 | ||
| 990 | |a BK | ||
| 991 | |b 202310 | ||
| 996 | 6 | |b BC-2429424 |c 1-0202.015 |l MZK |r Sklad / do 1 hodiny |n 0 |w 001942713 |u 000010 |a 1 |e BOA001 |j MZK50 |s P | |
English
Čeština 